| 000 | 00704nam a22002417a 4500 | ||
|---|---|---|---|
| 005 | 20170124110123.0 | ||
| 010 | _aA-576097 | ||
| 020 | _c80.00 | ||
| 035 | _aA-576097 | ||
| 037 | _bCen Lib/Ret | ||
| 040 |
_aDPL _bEN |
||
| 082 |
_aN _bKUN |
||
| 100 |
_aKundera, Milan _9102178 |
||
| 245 |
_aThe unbearable lightness of being / _cby Milan Kundera; translated by Michael Henry Heim |
||
| 246 | _b | ||
| 260 |
_bRupa _c1992 _aCalcutta |
||
| 270 |
_a15 Bankim Chatterjee Street _bCalcutta _e700073 |
||
| 300 |
_a314p. _c20cm(Hb) |
||
| 650 |
_aIdentity (Psychology) -- Fiction _931075 |
||
| 650 |
_aIdentity (Psychology) _912215 |
||
| 700 |
_aHeim, Michael Henry _931076 |
||
| 942 |
_2ddc _cEN _hN _mKUN |
||
| 999 |
_c131182 _d131182 |
||